00355nam a2200121Ia 4500003000400000005001700004008004100021040001800062041000800080100004400088245006900132260003200201OSt20260119152802.0211028s2013 xx 000 0 und d cAIMIT LIBRARY aeng aNaik, Sunny Salil;Cyriac, Ann.g1116164 aStudy on feasibility of identifying new sources of recruitment / aMangalorebAnn Cyriacc2013